[Event "Let's Play Chess!"]
[Site "http://www.queenalice.com/game.php?id=1444366"]
[Date "2016.10.5"]
[Round "-"]
[White "brunokmt"]
[Black "Daniel1962"]
[Result "0-1"]
[WhiteElo "1304"]
[BlackElo "1643"]

1. e4 e5 2. Nf3 f6 3. Bc4 Nh6 4. c3 Bc5 5. Qb3 b6 6. d4 exd4 7. cxd4 Be7 8. e5
Ng4 9. h3 Nh6 10. Bxh6 gxh6 11. O-O Bb7 12. Re1 f5 13. e6 dxe6 14. Bxe6 Qd6 15.
Ne5 Rf8 16. Qb5+ Nc6 17. Bd7+ Kd8 18. Bxc6 Bxc6 19. Nxc6+ Kc8 20. Nxe7+ Kb8 21.
Nc6+ Kb7 22. Na5+ Kc8 23. Qa6+ Kd7 24. Qb5+ Kc8 25. Re8+ Rxe8 26. Qxe8+ Qd8 27.
Qxd8+ Kxd8 28. Nc6+ Kd7 29. d5 h5 30. Nc3 Kd6 31. Re1 Rg8 32. Nb5+ Kxd5 33. Ne7+
Kc5 34. Nxg8 Kxb5 35. Nh6 f4 36. Re5+ c5 37. Re7 a5 0-1

[Event "Laelia"]
[Site "http://www.queenalice.com/game.php?id=1444383"]
[Date "2016.10.7"]
[Round "-"]
[White "magalhaes_br"]
[Black "brunokmt"]
[Result "1-0"]
[WhiteElo "1340"]
[BlackElo "1655"]

1. e4 c5 2. Nf3 d6 3. c4 Nf6 4. Nc3 g6 5. d3 Bg7 6. Qa4+ Bd7 7. Qb3 b6 8. Be3
O-O 9. g3 Bg4 10. Bg2 Nc6 11. a3 Bxf3 12. Bxf3 1-0

[Event "Let's Play Chess!"]
[Site "http://www.queenalice.com/game.php?id=1444395"]
[Date "2016.10.6"]
[Round "-"]
[White "chessplayer123"]
[Black "brunokmt"]
[Result "0-1"]
[WhiteElo "1820"]
[BlackElo "1500"]

1. d4 d5 2. e3 g6 3. Nf3 Bg7 4. Bd2 Bg4 5. Be2 Nf6 6. Bc3 Nc6 7. Nbd2 O-O 8. a3
a6 9. Nf1 b5 10. Ng3 Ne4 11. Nxe4 dxe4 12. Ng1 Bxe2 13. Nxe2 e5 14. dxe5 Qxd1+
15. Rxd1 Bxe5 16. Bxe5 Nxe5 17. Ng3 f5 18. c3 Nd3+ 19. Kf1 Nxb2 20. Rb1 Nc4 21.
Ra1 Rfd8 0-1

[Event "Challenge"]
[Site "http://www.queenalice.com/game.php?id=1444653"]
[Date "2016.10.7"]
[Round "-"]
[White "eduardocosta"]
[Black "brunokmt"]
[Result "1-0"]
[WhiteElo "1752"]
[BlackElo "1476"]

1. e3 e5 2. b3 d5 3. Bb2 Nc6 4. Bb5 Nf6 5. Bxc6+ bxc6 6. Bxe5 Ng4 7. Bg3 Bb4 8.
a3 Bd6 9. d4 Bxg3 10. hxg3 Qf6 11. Nf3 1-0

[Event "AUTO-OPEN-3713"]
[Site "http://www.queenalice.com/game.php?id=1444728"]
[Date "2016.10.8"]
[Round "1"]
[White "ALDROB"]
[Black "brunokmt"]
[Result "1-0"]
[WhiteElo "1827"]
[BlackElo "1304"]

1. e4 c5 2. f4 d5 3. e5 e6 4. Nf3 a6 5. Be2 Ne7 6. g4 g6 7. d3 Bh6 8. h4 b5 9.
g5 Bg7 10. Be3 d4 11. Bf2 O-O 12. Nbd2 Nf5 13. Ne4 Nd7 14. Qd2 Bb7 15. O-O-O Qc7
16. Kb1 c4 17. Nxd4 cxd3 18. Bxd3 Nc5 19. Nxf5 Bxe4 20. Nxg7 Kxg7 21. Bxc5 Qxc5
22. Bxe4 Rad8 23. Qe2 Rd4 24. Rxd4 1-0

[Event "AUTO-OPEN-3713"]
[Site "http://www.queenalice.com/game.php?id=1444729"]
[Date "2016.10.8"]
[Round "1"]
[White "brunokmt"]
[Black "ALDROB"]
[Result "0-1"]
[WhiteElo "1304"]
[BlackElo "1825"]

1. e4 c5 2. Nf3 d6 3. Bb5+ Nd7 4. O-O a6 5. Bxd7+ Bxd7 6. c3 Nf6 7. Re1 e5 8. d4
cxd4 9. cxd4 Qc7 10. Qb3 Be7 11. dxe5 dxe5 12. h3 Be6 13. Qc3 Bd6 14. Bg5 Qxc3
15. Nxc3 O-O 16. Bxf6 gxf6 17. Nd5 Bxd5 18. exd5 Rae8 19. Rab1 f5 20. b4 e4 21.
Nd4 Re5 22. g4 f4 23. Rbd1 Bxb4 24. Re2 Kh8 0-1

[Event "AUTO-OPEN-3713"]
[Site "http://www.queenalice.com/game.php?id=1444756"]
[Date "2016.10.8"]
[Round "1"]
[White "brunokmt"]
[Black "charles"]
[Result "0-1"]
[WhiteElo "1304"]
[BlackElo "2015"]

1. e4 e5 2. Nf3 Nc6 3. Bc4 h6 4. O-O Nf6 5. Nc3 Bc5 6. d3 d6 7. a3 Bg4 8. h3 Bh5
9. b4 Bd4 10. Bb2 O-O 11. Qc1 Bxf3 12. gxf3 Nh5 13. Nd5 Bxb2 14. Qxb2 Qg5+ 15.
Kh2 Nd4 16. f4 Nf3+ 0-1

[Event "AUTO-OPEN-3713"]
[Site "http://www.queenalice.com/game.php?id=1444757"]
[Date "2016.10.8"]
[Round "1"]
[White "charles"]
[Black "brunokmt"]
[Result "1-0"]
[WhiteElo "2013"]
[BlackElo "1304"]

1. e4 c5 2. Nf3 Nc6 3. d3 e6 4. c4 d5 5. cxd5 exd5 6. exd5 Qxd5 7. Nc3 Qe6+ 8.
Be2 Nd4 9. Nxd4 cxd4 10. Ne4 Nf6 11. Ng5 Qc6 12. O-O h6 13. Re1 hxg5 14. Bf3+
Ne4 15. Bxe4 Qh6 16. h3 1-0

[Event "AUTO-INT-3182"]
[Site "http://www.queenalice.com/game.php?id=1445365"]
[Date "2016.10.12"]
[Round "1"]
[White "salvachess"]
[Black "brunokmt"]
[Result "1-0"]
[WhiteElo "1584"]
[BlackElo "1416"]

1. e4 c5 2. c4 Nc6 3. d3 g6 4. Be3 Bg7 5. Nd2 Bxb2 6. Rb1 Bc3 7. Rb3 Qa5 8. a3
Nd4 9. Bxd4 Bxd4 10. Nf3 Nf6 11. Nxd4 cxd4 12. Be2 1-0

[Event "AUTO-INT-3182"]
[Site "http://www.queenalice.com/game.php?id=1445366"]
[Date "2016.10.12"]
[Round "1"]
[White "brunokmt"]
[Black "salvachess"]
[Result "0-1"]
[WhiteElo "1451"]
[BlackElo "1573"]

1. e4 e5 2. Nf3 Nc6 3. Bb5 Nf6 4. Nc3 Bb4 5. a3 Bxc3 6. dxc3 O-O 7. Bg5 h6 8.
Bh4 g5 9. Bg3 a6 10. Bxc6 dxc6 11. Nxe5 Qxd1+ 0-1

[Event "AUTO-INT-3182"]
[Site "http://www.queenalice.com/game.php?id=1445385"]
[Date "2016.10.12"]
[Round "1"]
[White "brunokmt"]
[Black "MONTENEGRO"]
[Result "0-1"]
[WhiteElo "1391"]
[BlackElo "1663"]

1. e4 c5 2. Nf3 Nc6 3. d4 cxd4 4. Nxd4 e5 5. Nxc6 bxc6 6. Nc3 Bb4 7. Bd2 Nf6 8.
a3 Ba5 9. Bc4 O-O 10. b4 Bb6 11. O-O Bb7 12. Re1 d5 13. exd5 cxd5 14. Bd3 e4 15.
Bb5 a6 0-1

[Event "AUTO-INT-3182"]
[Site "http://www.queenalice.com/game.php?id=1445386"]
[Date "2016.10.12"]
[Round "1"]
[White "MONTENEGRO"]
[Black "brunokmt"]
[Result "1-0"]
[WhiteElo "1668"]
[BlackElo "1378"]

1. e4 c5 2. Bc4 Nc6 3. Nf3 e6 4. Nc3 Nf6 5. d4 cxd4 6. Nxd4 d5 7. exd5 exd5 8.
Bb5 Bd7 9. O-O Qb6 10. Nxc6 Bxc6 11. Bxc6+ Qxc6 12. Bg5 Bb4 13. Bxf6 Qxf6 14.
Nxd5 Qd6 15. Nxb4 1-0